000 00555cam a2200145 4500
001 6177
005 20181127181112.0
008 110509s2010 xna b 000 0 eng d
010 _a 2011381660
245 1 4 _aBachelor of arts :
_bEnvironmental studies PS 352 : Population and development /
_cCompiled by G.P Sharma.
260 _a[Thimphu] :
_bRoyal Thimphu College,
_c2017.
500 _aXerographic copy in a binder.
520 _aBachelor of arts : Environmental studies PS352 : Population and development coursepack.
650 0 _aEnvironmental Studies.
_x
_v
999 _c5219
_d5219